000 00741nam a2200205 i 4500
001 141857
003 ES-MaACL
005 20231207063030.0
007 t|
008 070928s1959 sp |||| | spa d
100 1 _aViñas y Mey, Carmelo
_9115384
245 1 0 _aApuntes sobre historia social y económica de España /
_cCarmelo Viñas y Mey.
260 _aMadrid :
_bConsejo Superior de Investigaciones Científicas,
_c1959.
300 _a75 p. ;
_c24 cm.
651 4 _aEspaña-
_xSituación social-
_vHistoria.
_9158641
651 4 _aEspaña-
_xSituación económica-
_vHistoria.
_9156949
710 2 _aConsejo Superior de Investigaciones Científicas (España)
_93236
852 _aES-MaACL
_jC-9538
999 _c141857
_d141857